000 nam a22 7a 4500
999 _c29682
_d29682
008 180523b xxu||||| |||| 00| 0 eng d
020 _a.9781424078356
050 _aHD 31
_b.W55 2009
100 _aWilliams, Chuck.
245 _aMGMT2 :
_bwith cases /
_cChuck Williams.
260 _aAustralia:
_bCemgage learning,
_c2009.
300 _aix, 379,60p. :
_bill. ;
_c28cm.
500 _aInclude index.
650 _aManagement.
942 _2lcc
_cBOOKS
_hHD 31 .W55 2009